Statistics for DreamWorks villains and their voices

Click here to take the quiz!

General Stats

  • This quiz has been taken 19 times
  • The average score is 7 of 49

Answer Stats

VoiceCharacter% Correct
John LithgowLord Farquaad
44%
Jennifer SaundersFairy Godmother
33%
Florence PughGoldilocks
33%
Ralph FiennesPharaoh Ramses
33%
Jonah HillTighten
33%
Steve MartinCaptain Smek
22%
Wagner MouraDeath
22%
Robert de NiroDon Lino
22%
Djimon HounsouDrago Bludvist
22%
Zach GalifianakisHumpty Dumpty
22%
Gary OldmanLord Shen
22%
Alec BaldwinMakunga
22%
Richard AyoadeProfessor Marmalade
22%
Ian McShaneTai Lung
22%
Samson KayoBaby Bear
11%
Frances McDormandChantel Dubois
11%
Christine BaranskiChef
11%
Annie MurphyChelsea
11%
John MalkovichDave
11%
Jeff GoldblumDr Armstrong
11%
Sarah PaulsonDr Zara
11%
Thomas Haden ChurchDwayne LaFontant
11%
Michelle PfeifferEris
11%
Rainn WilsonGallaxhar
11%
Gene HackmanGeneral Mandible
11%
Allison JanneyGladys Sharp
11%
F Murray AbrahamGrimmel the Grisly
11%
Bill HaderGuy Gagné
11%
Walton GogginsHendricks
11%
Billy Bob ThorntonJack
11%
John MulaneyJack Horner
11%
Amy SedarisJill
11%
JK SimmonsKai
11%
Patrick WarburtonKen
11%
Olivia ColmanMama Bear
11%
Miranda RichardsonMrs Tweedy
11%
Allison JanneyMs Grunion
11%
Ray WinstonePapa Bear
11%
Jude LawPitch Black
11%
Rupert EverettPrince Charming
11%
Nick KrollProfessor Poopypants
11%
Ian McKellenThe Toad
11%
Armand AssanteTzekel-Kan
11%
Ralph FiennesVictor Quartermaine
11%
Nick NolteVincent
11%
James CromwellColonel Custer
0%
Steve BuscemiFrancis Francis
0%
Rachel BloomQueen Barb
0%
Walt DohrnRumpelstiltskin
0%

Score Distribution

Percentile by Number Answered

Percent of People with Each Score

Your Score History

You have not taken this quiz